Kỹ thuật sản xuất thép uốn hình và ống hàn

Nội dung sách giới thiệu tổng quan về kỹ thuật sản xuất thép uốn hình và ống hàn. Trình bày về kỹ thuật sản xuất thép uốn hình. Giới thiệu về kỹ thuật sản xuất ống hàn và trình bày về xu hướng ứng dụng tin học trong thiết kế lỗ...

Fuld beskrivelse

Đã lưu trong:
Bibliografiske detaljer
Hovedforfatter: Trần, Văn Dũng
Format: Bog
Sprog:Undetermined
Udgivet: Hà Nội Bách Khoa 2015
Fag:
Tags: Tilføj Tag
Ingen Tags, Vær først til at tagge denne postø!
Thư viện lưu trữ: Trung tâm Học liệu Trường Đại học Cần Thơ
LEADER 01108nam a2200205Ia 4500
001 CTU_216038
008 210402s9999 xx 000 0 und d
082 |a 672.8 
082 |b D513 
100 |a Trần, Văn Dũng 
245 0 |a Kỹ thuật sản xuất thép uốn hình và ống hàn 
245 0 |c Trần Văn Dũng, Lê Thái Hùng 
260 |a Hà Nội 
260 |b Bách Khoa 
260 |c 2015 
520 |a Nội dung sách giới thiệu tổng quan về kỹ thuật sản xuất thép uốn hình và ống hàn. Trình bày về kỹ thuật sản xuất thép uốn hình. Giới thiệu về kỹ thuật sản xuất ống hàn và trình bày về xu hướng ứng dụng tin học trong thiết kế lỗ hình trục uốn. 
650 |a Pipe, Steel,Pipe, Steel--Welding,Ống thép,Ống thép 
650 |x Design and construction,Welding,Cấu trúc và thiết kế,Hàn 
904 |i Qhieu Linh Sương 
980 |a Trung tâm Học liệu Trường Đại học Cần Thơ